| 000 | 00505pab a2200169 454500 | ||
|---|---|---|---|
| 008 | 180718b2009 xxu||||| |||| 00| 0 eng d | ||
| 100 | _aBowornwathana, Bidhya | ||
| 245 | _aThe need to build administrative capacity in the age of rapid globalization: a "modest: prescription or a major blueprint? | ||
| 260 | _c2009 | ||
| 300 | _ap.1031-033 | ||
| 362 | _aDec | ||
| 650 | _aGlobalization | ||
| 650 | _aPublic administration | ||
| 773 | _aPublic Administration Review | ||
| 908 | _aN | ||
| 909 | _a85091 | ||
| 999 |
_c85091 _d85091 |
||